000 00803nam a2200277Ia 4500
001 Z_5892
003 CHAP
008 220113s2009 xx 000 0 und d
010 _a169101
040 _cCHAP
090 _aTesis R 2160
100 _aRamos Rivera,María del Carmen.
_994482
245 _aLa ganadería familiar en Santa Catarina del Monte,Texcoco,México /
_cMaría del Carmen Ramos Rivera
260 _aChapingo,Méx. :
_bEL autor,,
_c2009
300 _a85h.
502 _aTesis (Ing.Agr.Esp. en Zootecnia).--UACH.Departamento de Zootecnia.
650 _aGanadería Familiar
_9143419
650 _aManejo General
_9143420
650 _aSanta Catarina del Monte.
_9143421
901 _aTESIS R 2160
902 _aM
910 _a2009
942 _c2
942 _c2
999 _c169101
_d169101